Statistics for Taylor Swift - The 1 Lyrics

Click here to take the quiz!

General Stats

  • This quiz has been taken 714 times
  • The average score is 267 of 305

Answer Stats

Lyric% Correct
i
100%
the
100%
you
100%
be
99%
on
99%
been
98%
by
98%
if
98%
in
98%
it
98%
and
97%
no
97%
one
97%
so
97%
would
97%
we
96%
some
95%
were
95%
would've
95%
me
94%
i'm
93%
my
93%
doing
92%
new
92%
of
92%
shit
92%
to
92%
fun
91%
good
91%
yes
91%
but
90%
don't
90%
never
90%
think
90%
at
89%
didn't
89%
have
89%
instead
89%
saying
89%
though
89%
saw
88%
something
88%
bus
87%
stop
87%
true
87%
your
87%
came
86%
wishes
86%
know
85%
pool
85%
thought
85%
all
84%
pennies
84%
time
84%
you're
83%
now
82%
tossing
82%
greatest
81%
none
81%
alone
80%
defense
80%
it's
80%
her
79%
roaring
79%
twenties
79%
cool
78%
grow
78%
had
78%
made
78%
should've
78%
gonna
77%
home
77%
really
77%
take
77%
films
76%
internet
76%
wanted
76%
well
76%
woman
76%
meet
75%
night
75%
sunday
75%
are
74%
baby
74%
thing
74%
bleed
73%
could've
73%
different
73%
enough
73%
loves
73%
making
73%
numbers
73%
count
72%
guess
72%
hit
72%
over
72%
own
72%
alright
71%
ask
71%
each
71%
leaving
71%
dream
70%
everything
70%
resist
70%
running
70%
showed
70%
up
70%
painted
69%
for
68%
ground
68%
adventures
67%
another
67%
having
67%
this
67%
today
67%
matinee
66%
persist
66%
sweet
66%
temptation
66%
waking
66%
family
64%
day
63%
chosen
61%
with
59%
digging
48%
grave
48%
rose
46%
flowing
44%

Score Distribution

Percentile by Number Answered

Percent of People with Each Score

Your Score History

You have not taken this quiz